Statistics for NBA Career Leaders In Rebounds

Click here to take the quiz!

General Stats

  • This quiz has been taken 26 times
  • The average score is 13 of 20

Answer Stats

Total ReboundsAnswer% Correct
13748Hakeem Olajuwon
95%
23924Wilt Chamberlain
95%
14968Karl Malone
90%
16212Moses Malone
90%
13099Shaquille O'neal
90%
21620Bill Russell
86%
15091Tim Duncan
86%
17440Kareem Abdul-Jabbar
81%
13184Dwight Howard
76%
14715Robert Parish
67%
12546Charles Barkley
62%
12359Dikembe Mutombo
57%
14464Nate Thurmond
57%
14662Kevin Garnett
52%
13769Wes Unseld
52%
12849Bob Pettit
48%
16279Elvin Hayes
43%
12942Jerry Lucas
38%
13017Buck Williams
33%
14241Walt Bellamy
29%

Score Distribution

Percentile by Number Answered

Percent of People with Each Score

Your Score History

You have not taken this quiz